01134nab a22001937a 4500003000400000005001700004008004100021040000700062245018100069300001300250505022200263505012200485505007200607650002300679650002800702650003200730650002900762773014900791OSt20260109003501.0190514b xxu||||| |||| 00| 0 spa d cPJ10aMujeres gestantes en conflicto con el proyecto maternal /b¿una real encrucijada entre perspectiva de género e interés superior del niño o niña? /cAyelén Zuccarini. ap. 60-68 aSumario: I. Introducción.— II. Plataforma fáctica.— III. La familia: ¿a pesar de todo?— IV. Texto y contexto de las decisiones de las mujeres contrarias al proyecto materno.— V. Breves palabras de cierre. tFallo comentado: JFlia. Nro. 1, Trenque Lauquen, 25/11/2024. - C., F. A. s/ medidas precautorias (art. 232 del CPCC). tSi te interesa el texto, comunicate a koha@justierradelfuego.gov.ar 0aDERECHO DE FAMILIA 0aPERSPECTIVA DE GÉNERO 0aINTERES SUPERIOR DEL NIÑO 0aJURISPRUDENCIA APLICABLE0 02844dBuenos Aires : AbeledoPerrot, 1989-tDerecho de familia. Revista Interdisciplinaria de doctrina y jurisprudencia. Agosto 2025-IVz18511201